[Event "Schaffhausen op"]
[Site "Schaffhausen"]
[Date "2023.03.11"]
[Round "2"]
[White "Mikavica, Mirko"]
[Black "Trubini, Timon"]
[Result "1-0"]
[WhiteElo "2029"]
[BlackElo "1503"]
[PlyCount "53"]
[EventDate "2023.03.10"]
[EventType "swiss"]
[EventRounds "5"]
[EventCountry "SUI"]
[SourceTitle "EXT 2024"]
[Source "ChessBase"]
[SourceDate "2023.10.10"]
[SourceVersion "1"]
[SourceVersionDate "2023.10.10"]
[SourceQuality "1"]

1. d4 Nf6 2. c4 g6 3. Nc3 Bg7 4. e4 d6 5. Bd3 0-0 6. Nge2 Nbd7 7. f3 c5 8. Be3 Qb6 9. Qd2 Re8 10. 0-0 Qc7 11. Rab1 b5 12. b4 Ba6 13. Nxb5 Bxb5 14. cxb5 cxb4 15. Rfc1 Qb7 16. Qxb4 Rac8 17. Bc4 e5 18. Qb3 Re7 19. Nc3 exd4 20. Bxd4 Nc5 21. Bxc5 dxc5 22. Rd1 Ne8 23. Bd5 Bd4+ 24. Rxd4 cxd4 25. Bxb7 Rxc3 26. Qd5 Rec7 27. Qd8 1-0

[Event "Schaffhausen op"]
[Site "Schaffhausen"]
[Date "2023.03.10"]
[Round "1"]
[White "Abeln, Dirk"]
[Black "Mikavica, Mirko"]
[Result "1/2-1/2"]
[WhiteElo "1592"]
[BlackElo "2029"]
[PlyCount "113"]
[EventDate "2023.03.10"]
[EventType "swiss"]
[EventRounds "5"]
[EventCountry "SUI"]
[SourceTitle "EXT 2024"]
[Source "ChessBase"]
[SourceDate "2023.10.10"]
[SourceVersion "1"]
[SourceVersionDate "2023.10.10"]
[SourceQuality "1"]

1. c4 c5 2. Nf3 Nf6 3. Nc3 Nc6 4. e3 e6 5. d4 cxd4 6. Nxd4 Be7 7. a3 0-0 8. Be2 d6 9. e4 Qc7 10. 0-0 Bd7 11. Be3 a6 12. Rc1 Rfc8 13. f3 Ne5 14. b3 Qa5 15. a4 Rab8 16. Qd2 Qc7 17. Rfd1 h6 18. Bf1 Be8 19. h3 Ned7 20. Qf2 Nc5 21. Qc2 Bf8 22. Rb1 Ncd7 23. Qf2 Nc5 24. Nc2 Bc6 25. e5 Nfd7 26. exd6 Bxd6 27. Nd4 Bg3 28. Qd2 Rd8 29. Nxc6 Qxc6 30. Qc2 a5 31. Ne2 Be5 32. Nd4 Bxd4 33. Bxd4 e5 34. Be3 b6 35. Bd3 Nxd3 36. Rxd3 Nc5 37. Rdd1 e4 38. Rxd8+ Rxd8 39. fxe4 Nxe4 40. Rd1 Re8 41. Qd3 Nc5 42. Qc3 Qg6 43. Bxc5 bxc5 44. Qf3 Re5 45. Rd8+ Kh7 46. Qa8 Qb1+ 47. Kh2 Qxb3 48. Rh8+ Kg6 49. Qc6+ Re6 50. Qxc5 Qxa4 51. Qd4 Qc6 52. Qg4+ Kf6 53. Qh4+ Ke5 54. Qg3+ Kf6 55. Qh4+ Kg6 56. Qg4+ Kf6 57. Qh4+ 1/2-1/2

[Event "Belgrade ChessAmateur op 5th"]
[Site "Belgrade"]
[Date "2019.01.08"]
[Round "7"]
[White "Mikavica, Mirko"]
[Black "Ocakacan, Deniz"]
[Result "0-1"]
[WhiteElo "2116"]
[BlackElo "1679"]
[PlyCount "78"]
[EventDate "2019.01.04"]
[EventType "swiss"]
[EventRounds "9"]
[EventCountry "SRB"]
[SourceTitle "CBM 188 Extra"]
[Source "ChessBase"]
[SourceDate "2019.02.26"]
[SourceVersion "1"]
[SourceVersionDate "2019.02.26"]
[SourceQuality "1"]

1. d4 Nf6 2. c4 g6 3. Nc3 d5 4. Nf3 Bg7 5. Bg5 Ne4 6. Bf4 Nxc3 7. bxc3 c5 8. e3 Nc6 9. Be2 cxd4 10. cxd4 Qa5+ 11. Qd2 dxc4 12. Bxc4 0-0 13. Rb1 Bf5 14. Rxb7 Rac8 15. Rb5 Qa4 16. Be2 e5 17. dxe5 Rfd8 18. Qb2 a6 19. Rb3 Na5 20. 0-0 Nxb3 21. axb3 Qa5 22. Bc4 Bd3 23. Bxd3 Rxd3 24. h3 Qd5 25. Qa2 a5 26. Rb1 Rd1+ 27. Kh2 Rxb1 28. Qxb1 h6 29. h4 Rc3 30. b4 a4 31. b5 a3 32. Qb4 Qb3 33. Qa5 a2 34. Nd4 Qa3 35. Qd8+ Qf8 36. Qd5 a1Q 37. b6 Rc8 38. Qe4 Qb2 39. b7 Re8 0-1

[Event "Belgrade ChessAmateur op 5th"]
[Site "Belgrade"]
[Date "2019.01.07"]
[Round "6"]
[White "Radeva, Viktoria"]
[Black "Mikavica, Mirko"]
[Result "1-0"]
[WhiteElo "2196"]
[BlackElo "2116"]
[PlyCount "116"]
[EventDate "2019.01.04"]
[EventType "swiss"]
[EventRounds "9"]
[EventCountry "SRB"]
[SourceTitle "CBM 188 Extra"]
[Source "ChessBase"]
[SourceDate "2019.02.26"]
[SourceVersion "1"]
[SourceVersionDate "2019.02.26"]
[SourceQuality "1"]

1. e4 d6 2. d4 Nf6 3. Nc3 Nbd7 4. g3 e5 5. Nge2 c6 6. Bg2 b5 7. a3 a6 8. 0-0 Bb7 9. h3 Be7 10. Be3 0-0 11. g4 Ne8 12. Qd2 Qc7 13. f4 f6 14. Ng3 g6 15. Rad1 Rd8 16. Qf2 Ng7 17. Nce2 c5 18. d5 exf4 19. Bxf4 Ne5 20. Bh6 Bc8 21. Bf3 Nc4 22. Rb1 a5 23. Kh1 b4 24. axb4 axb4 25. Rg1 Bd7 26. Nf5 Bxf5 27. gxf5 Ne5 28. Nf4 Qb7 29. fxg6 hxg6 30. Nxg6 Rf7 31. Nxe5 fxe5 32. Bxg7 Rxg7 33. Rxg7+ Kxg7 34. Rg1+ Kh8 35. Bg4 Bg5 36. Bf5 Qe7 37. Qf3 Qf6 38. Qh5+ Qh6 39. Rxg5 Qxh5 40. Rxh5+ Kg7 41. Rh7+ Kf6 42. h4 Ra8 43. Rh6+ Ke7 44. Re6+ Kd7 45. Rxe5+ Kc7 46. Re7+ Kb6 47. Rd7 c4 48. Rxd6+ Kc5 49. Rc6+ Kd4 50. d6 Ke3 51. d7 c3 52. bxc3 b3 53. cxb3 Kf3 54. Rg6 Rh8 55. Kg1 Ra8 56. Bg4+ Kg3 57. Bd1+ Kh3 58. Rd6 Rd8 1-0

[Event "Djenovici TS02 IM"]
[Site "Djenovici"]
[Date "2018.02.23"]
[Round "7"]
[White "Mikavica, Mirko"]
[Black "Kumar, Nikhil"]
[Result "0-1"]
[WhiteElo "2154"]
[BlackElo "2258"]
[PlyCount "96"]
[EventDate "2018.02.17"]
[EventType "tourn"]
[EventRounds "9"]
[EventCountry "MNE"]
[EventCategory "1"]
[SourceTitle "CBM 183 Extra"]
[Source "ChessBase"]
[SourceDate "2018.04.19"]
[SourceVersion "1"]
[SourceVersionDate "2018.04.19"]
[SourceQuality "1"]

1. d4 Nf6 2. c4 e6 3. Nf3 d5 4. Nc3 Be7 5. e3 0-0 6. Be2 b6 7. 0-0 Bb7 8. cxd5 Nxd5 9. Bd3 c5 10. Nxd5 Bxd5 11. e4 Bb7 12. dxc5 Bxc5 13. Qe2 Nd7 14. Bd2 Qe7 15. Bc3 Bb4 16. Rac1 Rac8 17. Ba6 Bxa6 18. Qxa6 Bxc3 19. Rxc3 Rxc3 20. bxc3 Nc5 21. Qa3 Qb7 22. e5 Rd8 23. Nd4 Nd3 24. Nf3 Nf4 25. Qa4 Ne2+ 26. Kh1 Nxc3 27. Qh4 Rc8 28. a3 h6 29. h3 Qa6 30. Ra1 Nd5 31. a4 Qa5 32. Qd4 Qc5 33. a5 bxa5 34. g3 Nb4 35. Qd7 Rc7 36. Qd8+ Kh7 37. Kg2 Qb6 38. Qd4 Rc2 39. Ra3 Qxd4 40. Nxd4 Ra2 41. Rf3 Kg8 42. Rc3 a4 43. Rc8+ Kh7 44. Rc7 Rd2 45. Nb5 a6 46. Nd6 a3 47. Rxf7 a2 48. Ne8 Kg8 0-1

[Event "Djenovici TS02 IM"]
[Site "Djenovici"]
[Date "2018.02.18"]
[Round "2"]
[White "Mikavica, Mirko"]
[Black "Farkas, Tibor"]
[Result "0-1"]
[WhiteElo "2154"]
[BlackElo "2317"]
[PlyCount "90"]
[EventDate "2018.02.17"]
[EventType "tourn"]
[EventRounds "9"]
[EventCountry "MNE"]
[EventCategory "1"]
[SourceTitle "CBM 183 Extra"]
[Source "ChessBase"]
[SourceDate "2018.04.19"]
[SourceVersion "1"]
[SourceVersionDate "2018.04.19"]
[SourceQuality "1"]

1. d4 Nf6 2. c4 g6 3. Nc3 d5 4. e3 Bg7 5. Nf3 0-0 6. Bd3 c5 7. 0-0 cxd4 8. exd4 Nc6 9. h3 dxc4 10. Bxc4 Na5 11. Bd3 Be6 12. b3 Rc8 13. Bb2 Nd5 14. Nxd5 Bxd5 15. Ne5 Nc6 16. Re1 e6 17. Qd2 Qh4 18. Bb5 Rfd8 19. Bxc6 Bxc6 20. Qe2 Bd5 21. Rad1 Rc7 22. Rc1 Rdc8 23. Rxc7 Rxc7 24. Qd3 Qg5 25. Ng4 Bc6 26. Qg3 Rc8 27. Rc1 Rd8 28. Ne5 Qxg3 29. fxg3 Bxe5 30. dxe5 Rd2 31. Ba3 Rxg2+ 32. Kf1 Rxg3 33. Rd1 Bd5 34. Rc1 Kg7 35. Rc8 g5 36. Be7 Kg6 37. Kf2 Rg2+ 38. Ke3 Kf5 39. Bd6 Rg3+ 40. Kd4 Rxh3 41. Rf8 h5 42. Rxf7+ Kg4 43. Bc5 Rf3 44. Rd7 h4 45. Rxd5 Rf4+ 0-1

[Event "EU-ch 10th"]
[Site "Budva"]
[Date "2009.03.08"]
[Round "3"]
[White "Mikavica, Mirko"]
[Black "Gagic, Miroljub"]
[Result "1-0"]
[WhiteElo "2211"]
[BlackElo "1880"]
[PlyCount "115"]
[EventDate "2009.03.06"]
[EventType "swiss"]
[EventRounds "11"]
[EventCountry "MNE"]
[SourceTitle "CBM 130"]
[Source "ChessBase"]
[SourceDate "2009.05.20"]
[SourceVersion "1"]
[SourceVersionDate "2009.05.20"]
[SourceQuality "1"]

1. d4 d5 2. c4 c6 3. Nc3 Nf6 4. e3 a6 5. cxd5 cxd5 6. Bd3 Nc6 7. Nf3 Bg4 8. 0-0 e6 9. Bd2 Be7 10. Rc1 0-0 11. a3 Rc8 12. b4 b5 13. h3 Bh5 14. g4 Bg6 15. Bxg6 hxg6 16. Qe2 Nd7 17. Ne1 Nb6 18. Nd3 Nc4 19. Ra1 Qd7 20. Rfd1 g5 21. Be1 Bd6 22. Nc5 Bxc5 23. dxc5 Qe7 24. f4 f5 25. gxf5 gxf4 26. exf4 Rxf5 27. Bg3 Qf6 28. Rd3 Qh6 29. Re1 Nd8 30. Kh2 Rc7 31. Ne4 Rh5 32. Ng5 Rd7 33. Qg4 Qg6 34. Qf3 Rh6 35. Kg2 Kf8 36. h4 Qf5 37. Re2 Nf7 38. Rd1 Rf6 39. Qh5 Rh6 40. Qf3 Rf6 41. Rde1 Nd8 42. Bf2 Rh6 43. Kg3 Rc7 44. Bd4 Rc6 45. Qc3 Rg6 46. Qf3 Rc7 47. h5 Rh6 48. Be5 Rc6 49. Qc3 Rxh5 50. Bxg7+ Ke7 51. Be5 Nf7 52. Bd6+ Ncxd6 53. cxd6+ Kd7 54. Qg7 Rc3+ 55. Qxc3 Nxd6 56. Qg7+ Kc8 57. Qg8+ Kb7 58. Qxe6 1-0

[Event "EU-ch 10th"]
[Site "Budva"]
[Date "2009.03.07"]
[Round "2"]
[White "Klenburg, Mikhail"]
[Black "Mikavica, Mirko"]
[Result "1-0"]
[WhiteElo "2426"]
[BlackElo "2211"]
[PlyCount "88"]
[EventDate "2009.03.06"]
[EventType "swiss"]
[EventRounds "11"]
[EventCountry "MNE"]
[SourceTitle "CBM 130"]
[Source "ChessBase"]
[SourceDate "2009.05.20"]
[SourceVersion "1"]
[SourceVersionDate "2009.05.20"]
[SourceQuality "1"]

1. e4 d6 2. d4 Nf6 3. Nc3 Nbd7 4. g4 h6 5. h3 e5 6. Nge2 Be7 7. Be3 c6 8. Ng3 Nb6 9. Qd2 Be6 10. 0-0-0 Qc7 11. Nf5 Bxf5 12. gxf5 Nfd7 13. Rg1 Bf6 14. d5 c5 15. Nb5 Qb8 16. c4 a6 17. Nc3 Qc7 18. Bd3 Nc8 19. a4 Na7 20. Kc2 Ke7 21. Ra1 a5 22. Ne2 Nb8 23. Ng3 Na6 24. Be2 Nb4+ 25. Kc3 Rh7 26. Nh5 Rah8 27. Rg2 Nc8 28. Rag1 Nb6 29. b3 Kf8 30. Nxf6 gxf6 31. Bh5 Nd7 32. Rg3 Qb6 33. Kb2 Qc7 34. Qd1 b5 35. axb5 a4 36. Qa1 Nb6 37. Be2 axb3 38. Kxb3 Qb8 39. Qa5 Ke7 40. Ra1 Rd8 41. Qa7+ Nd7 42. Qxb8 Rxb8 43. Bd2 Rhh8 44. Ra7 Rhc8 1-0

[Event "SUI-chT"]
[Site "Switzerland"]
[Date "2008.04.20"]
[Round "3.6"]
[White "Mikavica, Mirko"]
[Black "Heimann, Andreas"]
[Result "0-1"]
[WhiteElo "2204"]
[BlackElo "2340"]
[PlyCount "102"]
[EventDate "2008.03.02"]
[EventType "team-tourn"]
[EventRounds "9"]
[EventCountry "SUI"]
[SourceTitle "CBM 123 Extra"]
[Source "ChessBase"]
[SourceDate "2008.05.06"]
[SourceVersion "1"]
[SourceVersionDate "2008.05.06"]
[SourceQuality "1"]
[WhiteTeam "Gligoric"]
[BlackTeam "Reichenstein"]
[WhiteTeamCountry "SUI"]
[BlackTeamCountry "SUI"]

1. d4 Nf6 2. c4 c5 3. Nf3 cxd4 4. Nxd4 e5 5. Nc2 d5 6. cxd5 Qxd5 7. Qxd5 Nxd5 8. e4 Nb4 9. Nxb4 Bxb4+ 10. Bd2 Bxd2+ 11. Nxd2 Ke7 12. Bb5 Be6 13. Rc1 Nd7 14. Bxd7 Kxd7 15. Ke2 Rhc8 16. a3 f6 17. Ke3 Kd6 18. g3 b5 19. Rhd1 Rxc1 20. Rxc1 Rb8 21. b4 a5 22. Rc5 axb4 23. axb4 Bd7 24. Nb3 Ra8 25. Na5 Rb8 26. f4 exf4+ 27. gxf4 Rc8 28. Nb7+ Ke7 29. Kd4 Rxc5 30. Kxc5 g5 31. fxg5 fxg5 32. Kd4 Kf6 33. Nc5 Be8 34. Nd3 h5 35. Ke3 Bf7 36. Ne1 Bc4 37. Nf3 Bf7 38. Nd4 Be8 39. Nf3 g4 40. Ne1 Kg5 41. Nd3 Kh4 42. Kf2 Bg6 43. Nc5 Kh3 44. Kg1 g3 45. hxg3 Kxg3 46. e5 h4 47. e6 h3 48. e7 h2+ 49. Kh1 Kh3 50. e8Q Bxe8 51. Ne4 Bg6 0-1

[Event "Liechtenstein op 24th"]
[Site "Triesen"]
[Date "2006.05.25"]
[Round "7"]
[White "Hohler, Peter"]
[Black "Mikavica, Mirko"]
[Result "1/2-1/2"]
[WhiteElo "2192"]
[BlackElo "2242"]
[PlyCount "81"]
[EventDate "2006.05.19"]
[EventType "swiss"]
[EventRounds "9"]
[EventCountry "LIE"]
[SourceTitle "CBM 112 Extra"]
[Source "ChessBase"]
[SourceDate "2006.07.14"]
[SourceVersion "1"]
[SourceVersionDate "2006.07.14"]
[SourceQuality "1"]

1. d4 d5 2. c4 e6 3. Nc3 Nf6 4. Bg5 Be7 5. e3 0-0 6. Nf3 b6 7. Rc1 Bb7 8. Bxf6 Bxf6 9. cxd5 exd5 10. Bd3 c5 11. 0-0 c4 12. Bb1 Nc6 13. b3 Ba6 14. bxc4 Bxc4 15. Bd3 Rc8 16. Bxc4 dxc4 17. Nd2 Na5 18. Qf3 a6 19. a4 Nb3 20. Rc2 Nxd2 21. Rxd2 b5 22. axb5 axb5 23. Rb1 Qa5 24. e4 b4 25. Ra2 Qd8 26. Rxb4 Qxd4 27. Nd5 Bg5 28. g3 Rb8 29. Rxb8 Rxb8 30. Kg2 Bf6 31. Rc2 Re8 32. Nxf6+ gxf6 33. Qc3 Qxe4+ 34. f3 Qd3 35. Qxd3 cxd3 36. Rd2 Rd8 37. Kf2 Rd5 38. Ke3 Rh5 39. Kxd3 Kg7 40. Ke3 Ra5 41. Kf2 1/2-1/2

[Event "Zuerich op-A 29th"]
[Site "Zuerich"]
[Date "2005.12.29"]
[Round "6"]
[White "Jenni, Florian"]
[Black "Mikavica, Mirko"]
[Result "1-0"]
[WhiteElo "2502"]
[BlackElo "2241"]
[PlyCount "119"]
[EventDate "2005.12.26"]
[EventType "swiss"]
[EventRounds "7"]
[EventCountry "SUI"]
[SourceTitle "CBM 110 Extra"]
[Source "ChessBase"]
[SourceDate "2006.03.10"]
[SourceVersion "2"]
[SourceVersionDate "2006.03.10"]
[SourceQuality "1"]

1. e4 d6 2. d4 Nf6 3. Nc3 g6 4. Nf3 Bg7 5. Be2 0-0 6. 0-0 c6 7. Re1 Nbd7 8. e5 dxe5 9. dxe5 Nd5 10. Nxd5 cxd5 11. Bf4 Nc5 12. Qd2 Ne6 13. Bh6 b6 14. Rad1 Bb7 15. Bxg7 Kxg7 16. Nd4 Nxd4 17. Qxd4 e6 18. Bd3 Qe7 19. Re3 f5 20. exf6+ Qxf6 21. Re5 Rae8 22. Rde1 Kg8 23. g3 Bc6 24. c3 Re7 25. h4 Be8 26. f4 Rff7 27. R1e2 Kg7 28. Rxe6 Qxd4+ 29. cxd4 Rxe6 30. Rxe6 Kf8 31. Re2 Rc7 32. Rc2 Re7 33. Kf2 Bf7 34. Rc6 Kg7 35. g4 Be6 36. Kf3 Bxg4+ 37. Kxg4 Re3 38. Bxg6 hxg6 39. Rc7+ Kf6 40. Rxa7 Re2 41. b4 Rg2+ 42. Kf3 Rd2 43. Ra6 Rxd4 44. Rxb6+ Kf5 45. a4 Rxf4+ 46. Kg3 Rc4 47. a5 Rc3+ 48. Kf2 Ra3 49. a6 Ra4 50. b5 d4 51. Rb7 Ke4 52. a7 Ra2+ 53. Kg3 d3 54. b6 d2 55. Rd7 Ke3 56. Rxd2 Kxd2 57. b7 Ra3+ 58. Kg4 Ra4+ 59. Kg5 Ra5+ 60. Kh6 1-0

[Event "Bern op"]
[Site "Bern"]
[Date "2004.02.13"]
[Round "3"]
[White "Georgiev, Vladimir"]
[Black "Mikavica, Mirko"]
[Result "1-0"]
[WhiteElo "2563"]
[BlackElo "2251"]
[PlyCount "69"]
[EventDate "2004.02.??"]
[EventType "swiss"]
[EventRounds "7"]
[EventCountry "SUI"]
[SourceTitle "EXT 2005"]
[Source "ChessBase"]
[SourceDate "2004.11.15"]
[SourceVersion "1"]
[SourceVersionDate "2004.11.15"]
[SourceQuality "1"]

1. d4 d5 2. Bg5 Nf6 3. Bxf6 exf6 4. e3 Bd6 5. Bd3 0-0 6. Nd2 Re8 7. Qf3 c6 8. Ne2 Nd7 9. g4 Nf8 10. h4 a5 11. 0-0-0 a4 12. g5 a3 13. b3 fxg5 14. hxg5 g6 15. Rdg1 Be6 16. Nf4 Qa5 17. Nb1 Bxf4 18. Qxf4 c5 19. dxc5 Qxc5 20. Qd4 Qxd4 21. exd4 Bd7 22. Nc3 Bc6 23. Rh4 Kg7 24. b4 b6 25. Kd2 Ne6 26. Ne2 Rf8 27. f4 f6 28. gxf6+ Rxf6 29. f5 Nf8 30. Nf4 Kf7 31. b5 Be8 32. Nxd5 Rd6 33. Rxh7+ Nxh7 34. fxg6+ Ke6 35. gxh7 1-0

[Event "Bern op"]
[Site "Bern"]
[Date "2004.02.13"]
[Round "4"]
[White "Mikavica, Mirko"]
[Black "Luber, Roger"]
[Result "1-0"]
[WhiteElo "2251"]
[BlackElo "2038"]
[PlyCount "121"]
[EventDate "2004.02.??"]
[EventType "swiss"]
[EventRounds "7"]
[EventCountry "SUI"]
[SourceTitle "EXT 2005"]
[Source "ChessBase"]
[SourceDate "2004.11.15"]
[SourceVersion "1"]
[SourceVersionDate "2004.11.15"]
[SourceQuality "1"]

1. d4 f5 2. g3 Nf6 3. Bg2 g6 4. c4 d6 5. Nc3 Bg7 6. Nf3 0-0 7. 0-0 c6 8. Qc2 Qc7 9. c5 dxc5 10. Bf4 Qa5 11. Qb3+ c4 12. Qxc4+ Nd5 13. Ng5 e6 14. e3 Na6 15. a3 Qd8 16. Nf3 Bd7 17. Be5 Bh6 18. Ne1 Rc8 19. Nd3 Rf7 20. e4 Nf6 21. Nc5 Nxc5 22. dxc5 Ng4 23. Bd6 Qf6 24. exf5 exf5 25. Rae1 Bf8 26. Bxf8 Kxf8 27. Re2 Ne5 28. Qf4 Re8 29. Qh6+ Kg8 30. Rd1 Be6 31. Qf4 Bd7 32. Rd6 Qg7 33. h4 Rfe7 34. Qd4 g5 35. Rxe5 Rxe5 36. Rxd7 Re1+ 37. Kh2 Qxd4 38. Rxd4 h6 39. g4 R1e5 40. hxg5 hxg5 41. gxf5 Rxf5 42. Kg3 Re7 43. Ne4 Kg7 44. f3 Rfe5 45. Rd6 Kf7 46. Bf1 a5 47. Kg4 Rxe4+ 48. fxe4 Rxe4+ 49. Kxg5 Re5+ 50. Kf4 Rxc5 51. Bd3 Ke7 52. Rh6 b5 53. Bf5 b4 54. a4 Rc1 55. Ke5 Re1+ 56. Be4 Kd7 57. Rd6+ Ke7 58. Rxc6 Re2 59. Rc7+ Kd8 60. Rc2 Re3 61. Kd4 1-0

[Event "Lausanne op"]
[Site "Lausanne"]
[Date "2003.??.??"]
[Round "5"]
[White "Palac, Mladen"]
[Black "Mikavica, Mirko"]
[Result "1-0"]
[WhiteElo "2591"]
[BlackElo "2236"]
[PlyCount "79"]
[EventDate "2003.05.??"]
[EventType "swiss"]
[EventRounds "7"]
[EventCountry "SUI"]
[SourceTitle "EXT 2005"]
[Source "ChessBase"]
[SourceDate "2004.11.15"]
[SourceVersion "1"]
[SourceVersionDate "2004.11.15"]
[SourceQuality "1"]

1. e4 g6 2. d4 Bg7 3. Nc3 d6 4. Be3 c6 5. f4 Nf6 6. Nf3 b5 7. a3 a6 8. Bd3 Bb7 9. Qe2 Qc7 10. e5 Nd5 11. Nxd5 cxd5 12. e6 fxe6 13. Ng5 Bc8 14. Nxh7 Nc6 15. Bxg6+ Kd8 16. Ng5 Rf8 17. Rd1 Qb6 18. c3 Bd7 19. Bf7 Rxf7 20. Nxf7+ Kc7 21. 0-0 a5 22. Ng5 b4 23. Bf2 Nd8 24. f5 Bf6 25. Nxe6+ Nxe6 26. fxe6 Bb5 27. Qh5 Rh8 28. Qxd5 Bxf1 29. Rxf1 bxa3 30. bxa3 a4 31. Qe4 Qc6 32. d5 Qa6 33. c4 Rb8 34. c5 Be5 35. cxd6+ Bxd6 36. Rc1+ Kd8 37. Qh7 Qb5 38. Qg8+ Qe8 39. Bb6+ Rxb6 40. Qxe8+ 1-0

[Event "Oberliga Baden 0203"]
[Site "Germany"]
[Date "2002.10.20"]
[Round "1.4"]
[White "Mikavica, Mirko"]
[Black "Dudek, Richard"]
[Result "0-1"]
[WhiteElo "2233"]
[BlackElo "2252"]
[PlyCount "92"]
[EventDate "2002.10.20"]
[EventType "team-tourn"]
[EventRounds "9"]
[EventCountry "GER"]
[SourceTitle "EXT 2018"]
[Source "ChessBase"]
[SourceDate "2017.10.13"]
[SourceVersion "1"]
[SourceVersionDate "2017.10.13"]
[SourceQuality "1"]
[WhiteTeam "Gottmadingen"]
[BlackTeam "Eppingen II"]
[WhiteTeamCountry "GER"]
[BlackTeamCountry "GER"]

1. d4 Nf6 2. c4 e6 3. Nf3 b6 4. g3 Bb7 5. Bg2 Be7 6. 0-0 0-0 7. Nc3 Ne4 8. Qc2 Nxc3 9. Qxc3 c5 10. Qc2 Nc6 11. dxc5 bxc5 12. Bd2 d5 13. Rfd1 d4 14. a3 Qb6 15. e3 Bf6 16. exd4 Nxd4 17. Nxd4 Bxd4 18. Bc3 Bxg2 19. Kxg2 e5 20. b4 Rfd8 21. Bxd4 Qc6+ 22. f3 exd4 23. b5 Qf6 24. Qd3 Re8 25. Re1 h5 26. Re4 Rxe4 27. Qxe4 Rd8 28. Rd1 Kf8 29. Rd2 g6 30. a4 Re8 31. Qb7 d3 32. Qxa7 Qd4 33. Qa5 Qxc4 34. b6 Qd5 35. b7 Qxb7 36. Qxc5+ Kg8 37. Rxd3 Qb2+ 38. Kh3 Re2 39. g4 Rxh2+ 40. Kg3 Rg2+ 41. Kf4 Qf6+ 42. Ke4 hxg4 43. Qc8+ Kh7 44. fxg4 Re2+ 45. Kd5 Qe5+ 46. Kc6 Rc2+ 0-1

[Event "Winterthur op2"]
[Site "Winterthur"]
[Date "2002.10.15"]
[Round "5"]
[White "Gheorghiu, Florin"]
[Black "Mikavica, Mirko"]
[Result "1-0"]
[WhiteElo "2443"]
[BlackElo "2232"]
[PlyCount "121"]
[EventDate "2002.10.11"]
[EventType "swiss"]
[EventRounds "9"]
[EventCountry "SUI"]
[SourceTitle "EXT 2004"]
[Source "ChessBase"]
[SourceDate "2003.11.25"]
[SourceVersion "1"]
[SourceVersionDate "2003.11.25"]
[SourceQuality "1"]

1. d4 d5 2. c4 c6 3. Nf3 e6 4. Qc2 Nf6 5. g3 Bb4+ 6. Bd2 a5 7. Bg2 0-0 8. 0-0 Nbd7 9. Bg5 Be7 10. Nbd2 h6 11. Bxf6 Bxf6 12. e4 Re8 13. Rfd1 Qb6 14. Rac1 Nf8 15. Qb3 Qxb3 16. axb3 Bd7 17. Ne5 dxe4 18. Nxe4 Be7 19. c5 Red8 20. Nc4 Be8 21. Ra1 f5 22. Ned6 Bxd6 23. Nxd6 Ra7 24. b4 a4 25. Rd3 Bd7 26. Rda3 Rda8 27. Bf1 e5 28. dxe5 Be6 29. Bd3 Nd7 30. f4 g6 31. Rc3 Kg7 32. Kf2 Bd5 33. Ke3 b5 34. Rca3 Nf8 35. Bc2 Ne6 36. Rg1 h5 37. h3 Rh8 38. Kd2 Nd4 39. Bd1 Ne6 40. Ke3 Nc7 41. Kd2 Raa8 42. Rd3 Rab8 43. Ke3 Kf8 44. Bf3 Ke7 45. Bxd5 Nxd5+ 46. Rxd5 cxd5 47. Kd4 Ke6 48. c6 Rh7 49. Kc5 h4 50. g4 fxg4 51. Rxg4 Rf8 52. Nxb5 g5 53. Nd4+ Ke7 54. b5 a3 55. bxa3 Ra8 56. b6 Rhh8 57. Rxg5 Ra5+ 58. Nb5 d4 59. b7 d3 60. c7 d2 61. Rg7+ 1-0

[Event "Baden VLS 0102"]
[Site "Germany"]
[Date "2001.10.21"]
[Round "2.3"]
[White "Mikavica, Mirko"]
[Black "Hertzog, Walter"]
[Result "1/2-1/2"]
[WhiteElo "2262"]
[BlackElo "2090"]
[PlyCount "186"]
[EventDate "2001.09.30"]
[EventType "team"]
[EventRounds "9"]
[EventCountry "GER"]
[SourceTitle "EXT 2003"]
[Source "ChessBase"]
[SourceDate "2002.11.25"]
[SourceVersion "1"]
[SourceVersionDate "2002.11.25"]
[SourceQuality "1"]
[WhiteTeam "Gottmadingen"]
[BlackTeam "Durmersheim"]
[WhiteTeamCountry "GER"]
[BlackTeamCountry "GER"]

1. d4 d5 2. c4 dxc4 3. Nc3 c6 4. e3 Be6 5. a4 Nf6 6. Nf3 Bd5 7. Ne5 Nbd7 8. Nxc4 e6 9. Bd2 a6 10. Nxd5 exd5 11. Na3 Bd6 12. Bd3 0-0 13. 0-0 Qe7 14. Qf3 c5 15. Rfe1 Ne4 16. Bxe4 dxe4 17. Qh3 Nf6 18. Nc4 cxd4 19. exd4 Bb4 20. Bc3 Rac8 21. Nd2 Rfe8 22. Rac1 Bd6 23. Qh4 b5 24. axb5 axb5 25. Nf1 b4 26. Bd2 Qa7 27. Be3 Qa2 28. Qh3 Rxc1 29. Bxc1 Qc4 30. Be3 Qc2 31. Bc1 Qc4 32. Be3 Qb3 33. Nd2 Qc2 34. Qf5 Re6 35. b3 g6 36. Qg5 Bf8 37. h3 h6 38. Qb5 Qc6 39. Qxc6 Rxc6 40. Nc4 Nd5 41. Ra1 Rc7 42. Ra8 g5 43. Ra5 Rd7 44. Ne5 Rd6 45. Ra7 f6 46. Nc4 Rd8 47. g4 Nc3 48. Nd2 Bg7 49. Rb7 Bf8 50. Ra7 Bg7 51. Kg2 Bf8 52. Ra6 Kg7 53. Nf1 Bd6 54. Nd2 Rd7 55. Ra8 Bf8 56. Ra6 Be7 57. Nf1 Bd6 58. Ra5 Bb8 59. Ra8 Bf4 60. Nd2 Re7 61. Nc4 Rd7 62. f3 Nd5 63. Kf2 Bxe3+ 64. Nxe3 Nxe3 65. Kxe3 exf3 66. Ra2 Rc7 67. Kxf3 Rc3+ 68. Ke4 Rxb3 69. Ra7+ Kg6 70. d5 Rb1 71. Kd3 Rd1+ 72. Kc4 b3 73. Rb7 Rc1+ 74. Kd3 Rh1 75. d6 Rd1+ 76. Ke2 Rxd6 77. Rxb3 h5 78. Kf2 Rd2+ 79. Kg3 h4+ 80. Kf3 Rh2 81. Ke4 Rg2 82. Ra3 Rf2 83. Ke3 Rf4 84. Ra7 Rb4 85. Kf3 Rb3+ 86. Kg2 Rg3+ 87. Kh2 Rf3 88. Kg2 Rg3+ 89. Kh2 f5 90. Ra6+ Kf7 91. Ra7+ Kg6 92. Ra6+ Kf7 93. Ra7+ Kf6 1/2-1/2

[Event "Verbandsliga Sued Baden 9900"]
[Site "Germany"]
[Date "2000.01.23"]
[Round "5.2"]
[White "Mikavica, Mirko"]
[Black "Schwarz, Michael"]
[Result "1/2-1/2"]
[WhiteElo "2252"]
[BlackElo "2373"]
[PlyCount "101"]
[EventDate "1999.10.??"]
[EventType "team"]
[EventRounds "9"]
[EventCountry "GER"]
[SourceTitle "EXT 2004"]
[Source "ChessBase"]
[SourceDate "2003.11.25"]
[SourceVersion "1"]
[SourceVersionDate "2003.11.25"]
[SourceQuality "1"]
[WhiteTeam "Gottmadingen"]
[BlackTeam "Baden Oos"]
[WhiteTeamCountry "GER"]
[BlackTeamCountry "GER"]

1. d4 Nf6 2. c4 g6 3. Nc3 d5 4. Nf3 Bg7 5. cxd5 Nxd5 6. g3 0-0 7. Bg2 c5 8. 0-0 Nc6 9. Nxd5 Qxd5 10. Ne5 Qxd4 11. Nxc6 bxc6 12. Bxc6 Rb8 13. Qxd4 cxd4 14. Be4 e5 15. b3 Be6 16. Ba3 Rfc8 17. Rfc1 f5 18. Bg2 e4 19. Rxc8+ Rxc8 20. Rc1 Rxc1+ 21. Bxc1 Bf8 22. Bd2 Kf7 23. Kf1 Bd5 24. Ke1 Ke6 25. Kd1 Be7 26. h4 Bd6 27. Kc2 h5 28. Kd1 a6 29. Kc2 e3 30. Bxd5+ Kxd5 31. Be1 exf2 32. Bxf2 Ke4 33. a4 Bb4 34. Kd1 Be7 35. Be1 g5 36. hxg5 Bxg5 37. b4 Bd8 38. Bf2 Kd5 39. b5 axb5 40. axb5 Kc4 41. Kc2 Ba5 42. Kd1 Bc7 43. Kc2 Kxb5 44. Kd3 Kc6 45. Kxd4 Bb6+ 46. Ke5 Bxf2 47. Kxf5 Bxg3 48. Kg5 h4 49. Kg4 Kd5 50. e4+ Kxe4 51. Kh3 1/2-1/2